000 00771aam a2200313a 44500
008 000113s1995 cat
041 _acat
080 _a504(038)
245 _aTerminologia ambiental: Promoció i educació ambiental
260 _a[Barcelona]
260 _bGeneralitat de Catalunya. Departament de Medi Ambient
260 _c1995
300 _a4 fitxes
520 _a23
546 _acatalà
591 _a4893489448954896
592 _aObra terminològica
593 _aDN
594 _a4893
594 _a4894
594 _a4895
594 _a4896
650 _amedi ambient
_960842
901 _c[<1995>]
902 _a000113
942 _cMO
_n0
999 _c58265
_d58265